000 01063nam a22002657a 4500
001 BD-DhSAU 9278
003 BD-DhSAU
005 20230401125303.0
008 150613b2018 bg a|||| m||| 00| 0 eng d
040 _aBD-DhSAU
082 _222
_a571.92 R1375
100 _aRAJEEN, AZWAD
_eRegistration No. # 15-06436
245 _aEco-friendly management of major potato diseases /
_bMS thesis
260 _aSher-e-Bangla Agricultural University :
_bDepartment of Plant Pathology,
_c2021
300 _axi, 72p. :
_bill. ;
_c30 cm.
500 _aMS thesis of Department of Plant Pathology, Faculty of Agriculture, Sher-e-Bangla Agricultural University, Dhaka, Bangladesh
504 _aIncludes bibliographical reference.
590 _aNazmul
650 _aeco-friendly management
650 _amajor potato diseases
700 _aProf. Dr. M. Salahuddin M. Chowdhury
_eSuperviser
700 _aProf. Dr. Nazneen Sultana
_eCo-superviser
856 _uhttp://archive.saulibrary.edu.bd:8080/xmlui/handle/123456789/4816
942 _2ddc
_cTHESIS
999 _c16701
_d16700